Szczegóły MARC21

Podstawowe pojęcia prawa i prawoznawstwa /

003 -Nazwa inst., której nr kontr. jest w polu 001 [,]
    • @
    • Nazwa instytucji, której n kontrolny jest w polu 001
    • NUKAT
005 -DATA I CZAS OSTATNIEJ MODYFIKACJI [,]
    • @
    • pole kontrolne
    • 20241231091811.0
020 -Międzynarod. znormalizowany nr książki - ISBN [ , ]
    • a
    • Numer ISBN
    • 8387148660 Find
040 -Instytucja sporządzająca opis [ , ]
    • a
    • Instytucja, która sporządziła opis (NP)
    • KAT U/BC
    • c
    • Instytucja, która sporządziła rekord (NP)
    • KAT U/BC
    • d
    • Instytucja, która zmodyfikowała rekord (P)
    • KAT U/TKs
942 -Rodzaj dokumentu [ , ]
    • c
    • Rodzaj dokumentu
    • Książka
100 -Hasło główne - nazwa osobowa [1, ]
    • a
    • Nazwa osobowa (NP)
    • Wronkowska, Sławomira
    • d
    • Daty biograficzne (NP)
    • (1943- ).
    • 9
    • KHW
    • 10709
245 -Strefa tytułu i oznaczenia odpowiedzialności [1,0]
    • a
    • Tytuł
    • Podstawowe pojęcia prawa i prawoznawstwa / Find
    • c
    • Pozostałe elementy strefy tytułu i oznaczenia odpowiedzialności (NP)
    • Sławomira Wronkowska.
250 -Strefa wydania [ , ]
    • a
    • Oznaczenie wydania (NP)
    • Wyd. 3, popr. i uzup.
260 -Strefa adresu wydawniczego [ , ]
    • a
    • Miejsce wydania (P)
    • Poznań :
    • b
    • Nazwa wydawcy (P)
    • "Ars boni et aequi",
    • c
    • Data wydania (P)
    • cop. 2005.
300 -Strefa opisu fizycznego [ , ]
    • a
    • Określenie formy książki i/lub objętość (NP)
    • 205, [1] s. ;
    • c
    • Format (NP)
    • 24 cm.
336 -Typ zawartości [ , ]
    • a
    • Termin opisujący typ zawartości
    • Tekst
    • b
    • Kod określający zawartość
    • txt
    • 2
    • Źródło (terminu i kodu)
    • rdacontent
337 -Typ mediów [ , ]
    • a
    • Tryb odtwarzania
    • Bez urządzenia pośredniczącego
    • b
    • Kod typu mediów
    • n
    • 2
    • Źródło (terminu i kodu)
    • rdamedia
338 -Typ/rodzaj nośnika [ , ]
    • a
    • Hasło opisujące typ nośnika
    • Wolumin
    • b
    • Kod typu nośnika
    • nc
    • 2
    • Źródło (terminu i kodu)
    • rdacarrier
504 -Uwaga dot. bibliogr. załącznikowej [ , ]
    • a
    • Uwaga dot. bibliografii załącznikowej
    • Bibliogr. s. 199-200. Indeks.
080 -Uniwersalna Klasyfikacja Dziesiętna [ , ]
    • 2
    • Identyfikator wydania tablic
    • UDC-P058
    • a
    • Symbol klasyfikacji
    • 340
    • b
    • Dopowiedzenie
    • Ogólne zagadnienia prawa. Metody i nauki pomocnicze prawa.
650 -Hasło przedmiotowe [ ,7]
    • a
    • Hasło przedmiotowe
    • Prawo
    • x
    • Określnik rzeczowy
    • filozofia
    • v
    • Określnik formalny
    • podręczniki akademickie.
    • 2
    • Źródło terminu
    • kaba
    • 9
    • KHW
    • 361268
650 -Hasło przedmiotowe [ ,7]
    • a
    • Hasło przedmiotowe
    • Prawo
    • x
    • Określnik rzeczowy
    • terminologia
    • v
    • Określnik formalny
    • podręczniki akademickie.
    • 2
    • Źródło terminu
    • kaba
    • 9
    • KHW
    • 361267
980 -Symbol UKD [ , ]
    • a
    • UKD
    • 340
920 -ISBN [ , ]
    • a
    • ISBN
    • 83-87148-66-0 Find
Status udost. Numer inwentarzowy Uwagi nie widoczne w OPAC Lokalizacja Data inwentaryzacji Sygnatura
-2E.74855 BE2013-11-08 
-2S.94732 BE2013-11-08 
-5WM.6849 BG2007-09-19 
-5WM.6850 BG2007-09-19 
-5WM.6851 BG2007-09-19 
-5WM.6852 BG2007-09-19 
2WM.6848 BG2007-09-19 
-5WM.11794 BG2010-11-29 
-5WM.11795 BG2010-11-29 
1SA.18423 BSA2010-03-22SA.18423
-3SAM.557 BSA2010-03-22SAM.557
-3SAM.558 BSA2010-03-22SAM.558
-3SAM.559 BSA2010-03-22SAM.559
-3SAM.560 BSA2010-03-22SAM.560
-3SAM.561 BSA2010-03-22SAM.561
-3SAM.1142 BSA2013-10-28SAM.1142
-3SAM.1143 BSA2013-10-28SAM.1143
-3SAM.565Książka popisanaBSA2010-03-22SAM.565
-3SAM.562 BSA2010-03-22SAM.562
-3SAM.563 BSA2010-03-22SAM.563
-3SAM.564 BSA2010-03-22SAM.564
-3SAM.566 BSA2010-03-22SAM.566
-3SAM.1599 BSA2021-02-26SAM.1599
-3SAM.2110 BSA2025-03-31SAM.2110
-2T.18731 T2015-01-29T.18731